ISTA working sheets on Tetrazolium Testing

Saved in:
Bibliografiske detaljer
Main Authors: Leist, Norbert (Author), Kramer, Stefanie (Author), Jonitz, Andrea (Author)
Format: Bog
Sprog:engelsk
Udgivet: s.l International Seed Testing Association 2003
Udgivelse:1a. ed
Fag:
Tags: Tilføj Tag
Ingen Tags, Vær først til at tagge denne postø!

MARC

LEADER 00000cam a2200000 a 4500
001 UCD9022
003 CL-VaPUC
008 170602e20030000sz |||||||||||||||||eng|d
020 |a 9783906549408v.1 
020 |a 9783906549415v.2 
082 0 4 |a 571.96  |b LEI  |2 21 
100 0 |a Leist, Norbert  |e author  |9 592688 
700 0 |a Kramer, Stefanie  |e author  |9 592689 
700 0 |a Jonitz, Andrea  |e author  |9 592690 
245 1 0 |a ISTA working sheets on Tetrazolium Testing 
250 |a 1a. ed 
300 |a v 
942 |c BK 
945 |d 20170602 23:29:00  |a dcastane 
260 |a s.l  |b International Seed Testing Association  |c 2003 
500 |a v.1: agricultural, vegetable anf horticultural species with supplements 2011 
500 |a v.2: tree and shrub species with supplements 2011 
650 0 |a Inmunología  |9 329894 
650 0 |a Manuales de laboratorio  |9 259429 
650 7 |a FOSFATOS  |2 CL-VaPUC  |9 368013 
650 0 |a Especies vegetales   |9 418818 
583 |a last modification  |c 20170602 23:29:00  |k Rodrigo Vera 
999 |c 368325  |d 368323 
952 |0 0  |1 0  |3 erd  |4 0  |6 571_960000000000000_LEI_2003  |7 0  |8 A  |9 483606  |a BIBAGR  |b BIBAGR  |h v.1  |i 537829K  |l 7  |o 571.96 LEI 2003  |p 537829K  |q 2024-12-13  |r 2024-09-05  |s 2024-09-05  |w 2019-11-24  |y BK  |z Catalogado en:20170602  |k AGR 
952 |0 0  |1 0  |3 erd  |4 0  |6 571_960000000000000_LEI_2003  |7 0  |8 A  |9 483607  |a BIBAGR  |b BIBAGR  |h v.2  |i 5378303  |l 7  |o 571.96 LEI 2003  |p 5378303  |q 2024-12-13  |r 2024-09-05  |s 2024-09-05  |w 2019-11-24  |y BK  |z Catalogado en:20170602  |k AGR